|
|
|
|
| LEADER |
00000nam0a2200000 4500 |
| 001 |
137015 |
| 005 |
20231031140850.0 |
| 010 |
|
|
|a 5020296899
|
| 020 |
|
|
|a RU
|b 91-45522
|
| 035 |
|
|
|a (RuTPU)RU\TPU\book\148501
|
| 090 |
|
|
|a 137015
|
| 100 |
|
|
|a 20080503d1991 k y0rusy5003 ca
|
| 101 |
0 |
|
|a rus
|
| 102 |
|
|
|a RU
|
| 105 |
|
|
|a y z 001zy
|
| 200 |
1 |
|
|a Аномалии и теория струн
|f Ю. Н. Кафиев
|g Академия наук СССР (АН СССР), Сибирское отделение (СО), Институт математики; под ред. И. Ф. Гинзбурга
|
| 210 |
|
|
|a Новосибирск
|c Наука
|d 1991
|
| 215 |
|
|
|a 245 с.
|
| 320 |
|
|
|a Библиогр.: с. 238-244.
|
| 610 |
1 |
|
|a аномалии
|
| 610 |
1 |
|
|a теория струн
|
| 610 |
1 |
|
|a бозонные струны
|
| 610 |
1 |
|
|a спиновая струна
|
| 610 |
1 |
|
|a модели Рамона и Невё-Шварца
|
| 610 |
1 |
|
|a струна Полякова
|
| 610 |
1 |
|
|a теоремы
|
| 675 |
|
|
|a 530.145
|v 3
|
| 700 |
|
1 |
|a Кафиев
|b Ю. Н.
|g Юрий Николаевич
|4 070
|
| 702 |
|
1 |
|a Гинзбург
|b И. Ф.
|4 340
|
| 712 |
0 |
2 |
|a Академия наук СССР (АН СССР)
|b Сибирское отделение (СО)
|b Институт математики
|2 stltpush
|3 (RuTPU)RU\TPU\col\11754
|
| 801 |
|
0 |
|a RU
|b RuMRKP
|c 19950417
|g psbo
|
| 801 |
|
1 |
|a RU
|b 63413507
|c 20080503
|g PSBO
|
| 801 |
|
2 |
|a RU
|b 63413507
|c 20090507
|g PSBO
|
| 942 |
|
|
|c BK
|